000
00264nam a22001097a 4500
082
_a
001 BHA'U
100
_a
BHATTI, IQBAL AHMAD
_9
76058
245
_a
UNIVERSAL GENERAL KNOWLEDGE AALMI WAKFIAT AAM
260
_a
JHELUM
_b
BHATI
_c
1980
300
_a
463P
942
_c
BK
999
_c
581467
_d
581467